000 00372nam a2200133Ia 4500
005 20260328104328.0
008 260328s9999||||xx |||||||||||||| ||und||
100 _aHammond, Alex
245 4 _aThe Secret Life of the pencil, great Creatives and their pencils /
_cAlex Hammond
260 _bLaurence King
300 _a143 p.
650 _aDISEÑO INDUSTRIAL
942 _cBK
999 _c11597
_d11597